|
|
|
|
| LEADER |
03118nam a22005535i 4500 |
| 001 |
978-3-540-89247-2 |
| 003 |
DE-He213 |
| 005 |
20170128064600.0 |
| 007 |
cr nn 008mamaa |
| 008 |
100301s2008 gw | s |||| 0|eng d |
| 020 |
|
|
|a 9783540892472
|9 978-3-540-89247-2
|
| 024 |
7 |
|
|a 10.1007/978-3-540-89247-2
|2 doi
|
| 040 |
|
|
|d GrThAP
|
| 050 |
|
4 |
|a QA76.758
|
| 072 |
|
7 |
|a UMZ
|2 bicssc
|
| 072 |
|
7 |
|a COM051230
|2 bisacsh
|
| 082 |
0 |
4 |
|a 005.1
|2 23
|
| 245 |
1 |
0 |
|a Runtime Verification
|h [electronic resource] :
|b 8th International Workshop, RV 2008, Budapest, Hungary, March 30, 2008. Selected Papers /
|c edited by Martin Leucker.
|
| 264 |
|
1 |
|a Berlin, Heidelberg :
|b Springer Berlin Heidelberg :
|b Imprint: Springer,
|c 2008.
|
| 300 |
|
|
|a VII, 189 p.
|b online resource.
|
| 336 |
|
|
|a text
|b txt
|2 rdacontent
|
| 337 |
|
|
|a computer
|b c
|2 rdamedia
|
| 338 |
|
|
|a online resource
|b cr
|2 rdacarrier
|
| 347 |
|
|
|a text file
|b PDF
|2 rda
|
| 490 |
1 |
|
|a Lecture Notes in Computer Science,
|x 0302-9743 ;
|v 5289
|
| 505 |
0 |
|
|a A Smell of Orchids -- Runtime Certification -- Model-Based Run-Time Checking of Security Permissions Using Guarded Objects -- Synthesizing Monitors for Safety Properties: This Time with Calls and Returns -- Forays into Sequential Composition and Concatenation in Eagle -- Checking Traces for Regulatory Conformance -- Deadlocks: From Exhibiting to Healing -- A Scalable, Sound, Eventually-Complete Algorithm for Deadlock Immunity -- Property Patterns for Runtime Monitoring of Web Service Conversations -- Runtime Monitoring of Object Invariants with Guarantee -- A Lightweight Container Architecture for Runtime Verification.
|
| 520 |
|
|
|a This book constitutes the thoroughly refereed post-proceedings of the 8th International Workshop on Runtime Verification, RV 2008, held in Budapest, Hungary, in March 2008 as satellite event of ETAPS 2008. The 9 revised full papers presented together with 2 invited papers were carefully selected from 27 initial submissions. The subject covers several technical fields such as runtime verification, runtime checking, runtime monitoring, and security and safety matters.
|
| 650 |
|
0 |
|a Computer science.
|
| 650 |
|
0 |
|a Computer software
|x Reusability.
|
| 650 |
|
0 |
|a Computer system failures.
|
| 650 |
|
0 |
|a Software engineering.
|
| 650 |
|
0 |
|a Programming languages (Electronic computers).
|
| 650 |
|
0 |
|a Computers.
|
| 650 |
1 |
4 |
|a Computer Science.
|
| 650 |
2 |
4 |
|a Software Engineering.
|
| 650 |
2 |
4 |
|a Software Engineering/Programming and Operating Systems.
|
| 650 |
2 |
4 |
|a Theory of Computation.
|
| 650 |
2 |
4 |
|a Performance and Reliability.
|
| 650 |
2 |
4 |
|a Programming Languages, Compilers, Interpreters.
|
| 650 |
2 |
4 |
|a System Performance and Evaluation.
|
| 700 |
1 |
|
|a Leucker, Martin.
|e editor.
|
| 710 |
2 |
|
|a SpringerLink (Online service)
|
| 773 |
0 |
|
|t Springer eBooks
|
| 776 |
0 |
8 |
|i Printed edition:
|z 9783540892465
|
| 830 |
|
0 |
|a Lecture Notes in Computer Science,
|x 0302-9743 ;
|v 5289
|
| 856 |
4 |
0 |
|u http://dx.doi.org/10.1007/978-3-540-89247-2
|z Full Text via HEAL-Link
|
| 912 |
|
|
|a ZDB-2-SCS
|
| 912 |
|
|
|a ZDB-2-LNC
|
| 950 |
|
|
|a Computer Science (Springer-11645)
|